|
|
|
|
| LEADER |
01338nam a2200325 4500 |
| 001 |
DLU120144865 |
| 005 |
##20121218 |
| 040 |
# |
# |
|a DLU
|b vie
|
| 041 |
# |
# |
|a vie
|
| 044 |
# |
# |
|a vn
|
| 100 |
# |
# |
|a Nguyễn Thị Thanh Ngân.
|
| 245 |
# |
# |
|a Các định cấu trúc của Quercetin 3 - OB - D - Glucopyranoside và Myrictrin tinh sạch từ phân đoạn dịch chiết là khế (Averrhoa carambola L.) có tác dụng hạ Glucose huyết trên chuột gây đái tháo đường thực nghiệm /
|c Nguyễn Thị Thanh Ngân, Đỗ Ngọc Liên, Nguyễn Thị Thúy Quỳnh, Chữ Lương Luân, Nguyễn Huỳnh Minh Quyên, Trần Văn Ơn.
|
| 653 |
# |
# |
|a Dịch chiết cloroform
|
| 653 |
# |
# |
|a Dịch chiết Ethylacetat
|
| 653 |
# |
# |
|a Tiểu đường
|
| 700 |
# |
# |
|a Đỗ Ngọc Liên.
|
| 700 |
# |
# |
|a Chữ Lương Luân.
|
| 700 |
# |
# |
|a Nguyễn Huỳnh Minh Quyên.
|
| 700 |
# |
# |
|a Nguyễn Thị Thúy Quỳnh.
|
| 700 |
# |
# |
|a Trần Văn Ơn.
|
| 773 |
# |
# |
|t Tạp chí Khoa học Tự nhiên và Công nghệ
|g Số 4(26), 2010, tr. 242-147
|
| 920 |
# |
# |
|a Phòng Tạp chí -- Trung tâm Thông tin - Thư viện Trường Đại học Đà Lạt
|
| 994 |
# |
# |
|a DLU
|
| 900 |
# |
# |
|a True
|
| 911 |
# |
# |
|a Nguyễn Thị Linh Chi
|
| 925 |
# |
# |
|a G
|
| 926 |
# |
# |
|a A
|
| 927 |
# |
# |
|a BB
|
| 980 |
# |
# |
|a Thư viện Trường Đại học Đà Lạt
|